LEADER 00960nam0-2200337---450 001 990008685160403321 005 20240925110727.0 010 $a0-415-00187-0 035 $a000868516 035 $aFED01000868516 035 $a(Aleph)000868516FED01 035 $a000868516 100 $a20080707d1988----km-y0itay50------ba 101 0 $aeng 102 $aUS 105 $ay-------001cy 200 1 $aPlatonic writings-platonic readings$fedited by Charles L. Griswold 210 $aNew York ; London$cRoutledge$d1988 215 $a321 p.$d23 cm 320 $aBibliografia: p. 301-311 610 0 $aPlatone$aDialoghi 676 $a184 702 1$aGriswold,$bCharles L. 801 0$aIT$bUNINA$gRICA$2UNIMARC 901 $aBK 912 $a990008685160403321 952 $aP.1 PLATO/S 14 BIS$bBIBL.15586$fFLFBC 952 $a184 PLAT/S 014$b13197 Bibl.$fFLFBC 959 $aFLFBC 996 $aPlatonic writings-platonic readings$9717297 997 $aUNINA LEADER 01740nam2 22003853i 450 001 VAN00240933 005 20250108112025.796 017 70$2N$a9783030632458 100 $a20220221d2021 |0itac50 ba 101 $aeng 102 $aCH 105 $a|||| ||||| 181 $ai$b e 182 $ab 200 0 $a1$feditors Vineet Kumar ... [et al.] 210 $aCham$cSpringer$d2021 215 $aXIV, 265 p.$cill.$d24 cm 410 1$1001VAN00237443$12001 $aEnvironmental Chemistry for a Sustainable World$1210 $aCham, Singapore$cSpringer$d2012-$v60 461 1$1001VAN00240932$12001 $aNanosensors for Environment, Food and Agriculture$feditors Vineet Kumar ... [et al.]$1210 $aCham$cSpringer$1215 $avolumi$cill.$d24 cm$v1 620 $aCH$dCham$3VANL001889 676 $a668.4192$cTecnologia dei rifiuti$v22 676 $a630$cAgricoltura e tecnologie connesse$v22 676 $a570$cBiologia - Scienze della vita$v22 676 $a620.5$cNanotecnologia$v22 676 $a363.73$cInquinamento generale$v22 702 1$aKumar$bVineet$3VANV196172 712 $aSpringer $3VANV108073$4650 801 $aIT$bSOL$c20250110$gRICA 856 4 $uhttps://link.springer.com/book/10.1007/978-3-030-63245-8$zE-book - Accesso al full-text attraverso riconoscimento IP di Ateneo, proxy e/o Shibboleth 899 $aBIBLIOTECA DEL DIPARTIMENTO DI SCIENZE E TECNOLOGIE AMBIENTALI BIOLOGICHE E FARMACEUTICHE$1IT-CE0101$2VAN17 912 $fN 912 $aVAN00240933 950 $aBIBLIOTECA DEL DIPARTIMENTO DI SCIENZE E TECNOLOGIE AMBIENTALI BIOLOGICHE E FARMACEUTICHE$d17CONS e-book 2224 $e17BIB2224/245 245 20220221 996 $a1$961339 997 $aUNICAMPANIA